| 000 | 00449nam a2200181Ia 4500 | ||
|---|---|---|---|
| 001 | 19804 | ||
| 005 | 20260306172719.0 | ||
| 008 | 260306t1998||||xx |||||||||||||| ||spa|| | ||
| 041 | _aESP | ||
| 082 |
_a341.1 _bM27 |
||
| 100 |
_aMassini Correas, Carlos I. _eAUT |
||
| 245 | 0 | _aEl derecho natural y sus dimensiones actuales | |
| 260 | _c1998 | ||
| 300 |
_a241 páginas : _c24 cm. |
||
| 650 | _aGEN | ||
| 654 | _aCDE | ||
| 942 |
_cLIB _dJUS _fJUS _2ddc _n |
||
| 999 |
_c19804 _d19804 |
||